000 00283nam a22001337a 4500
008 170622b xxu||||| |||| 00| 0 eng d
020 _a9780312085841
041 _aeng
080 _a32
100 _a20
101 _aSHP
245 _aWORLD SECURITY
_cKLARE, M.T
942 _2udc
_cBK
999 _c18750
_d18750